<?xml version="1.0" encoding="UTF-8"?><marc:collection xmlns:marc="http://www.loc.gov/MARC21/slim">
  <marc:record>
    <marc:leader>04174cam a2200805   4500</marc:leader>
    <marc:controlfield tag="001">gbv_512690200</marc:controlfield>
    <marc:controlfield tag="003">DE-602</marc:controlfield>
    <marc:controlfield tag="005">20220628121110.0</marc:controlfield>
    <marc:controlfield tag="007">tu</marc:controlfield>
    <marc:controlfield tag="008">060531s2006    gw |||||      00| ||ger c</marc:controlfield>
    <marc:datafield tag="015" ind1=" " ind2=" ">
      <marc:subfield code="a">06,N24,0539</marc:subfield>
      <marc:subfield code="2">dnb</marc:subfield>
    </marc:datafield>
    <marc:datafield tag="016" ind1="7" ind2=" ">
      <marc:subfield code="a">97979191X</marc:subfield>
      <marc:subfield code="2">DE-101</marc:subfield>
    </marc:datafield>
    <marc:datafield tag="020" ind1=" " ind2=" ">
      <marc:subfield code="a">3865930476</marc:subfield>
      <marc:subfield code="c">Pb. : EUR 15.00</marc:subfield>
      <marc:subfield code="9">3-86593-047-6</marc:subfield>
    </marc:datafield>
    <marc:datafield tag="020" ind1=" " ind2=" ">
      <marc:subfield code="a">9783865930477</marc:subfield>
      <marc:subfield code="9">978-3-86593-047-7</marc:subfield>
    </marc:datafield>
    <marc:datafield tag="028" ind1="5" ind2="2">
      <marc:subfield code="a">13168</marc:subfield>
    </marc:datafield>
    <marc:datafield tag="035" ind1=" " ind2=" ">
      <marc:subfield code="a">(DE-627)512690200</marc:subfield>
    </marc:datafield>
    <marc:datafield tag="035" ind1=" " ind2=" ">
      <marc:subfield code="a">(DE-599)DNB97979191X</marc:subfield>
    </marc:datafield>
    <marc:datafield tag="035" ind1=" " ind2=" ">
      <marc:subfield code="a">(OCoLC)181568723</marc:subfield>
    </marc:datafield>
    <marc:datafield tag="035" ind1=" " ind2=" ">
      <marc:subfield code="a">(AT-OBV)AC05330436</marc:subfield>
    </marc:datafield>
    <marc:datafield tag="040" ind1=" " ind2=" ">
      <marc:subfield code="a">DE-627</marc:subfield>
      <marc:subfield code="b">ger</marc:subfield>
      <marc:subfield code="c">DE-627</marc:subfield>
      <marc:subfield code="e">rakwb</marc:subfield>
    </marc:datafield>
    <marc:datafield tag="041" ind1=" " ind2=" ">
      <marc:subfield code="a">ger</marc:subfield>
    </marc:datafield>
    <marc:datafield tag="044" ind1=" " ind2=" ">
      <marc:subfield code="c">XA-DE-NW</marc:subfield>
    </marc:datafield>
    <marc:datafield tag="049" ind1=" " ind2=" ">
      <marc:subfield code="a">DE-1;512690200</marc:subfield>
    </marc:datafield>
    <marc:datafield tag="050" ind1=" " ind2="0">
      <marc:subfield code="a">HD9980.6</marc:subfield>
    </marc:datafield>
    <marc:datafield tag="082" ind1="0" ind2=" ">
      <marc:subfield code="a">331.127</marc:subfield>
      <marc:subfield code="a">338.4</marc:subfield>
      <marc:subfield code="q">OCLC</marc:subfield>
    </marc:datafield>
    <marc:datafield tag="082" ind1="0" ind2="4">
      <marc:subfield code="a">330</marc:subfield>
    </marc:datafield>
    <marc:datafield tag="084" ind1=" " ind2=" ">
      <marc:subfield code="a">QR 560</marc:subfield>
      <marc:subfield code="q">BVB</marc:subfield>
      <marc:subfield code="2">rvk</marc:subfield>
      <marc:subfield code="0">(DE-625)rvk/142061:</marc:subfield>
    </marc:datafield>
    <marc:datafield tag="084" ind1=" " ind2=" ">
      <marc:subfield code="a">83.40</marc:subfield>
      <marc:subfield code="2">bkl</marc:subfield>
    </marc:datafield>
    <marc:datafield tag="245" ind1="1" ind2="0">
      <marc:subfield code="a">GATS-Dienstleistungsliberalisierung</marc:subfield>
      <marc:subfield code="b">sektorale Auswirkung und temporäre Mobilität von Erwerbstätigen</marc:subfield>
      <marc:subfield code="c">Thomas Fritz; Kai Mosebach; Werner Raza; Christoph Scherrer</marc:subfield>
    </marc:datafield>
    <marc:datafield tag="264" ind1=" " ind2="1">
      <marc:subfield code="a">Düsseldorf</marc:subfield>
      <marc:subfield code="b">Hans-Böckler-Stiftung</marc:subfield>
      <marc:subfield code="c">2006</marc:subfield>
    </marc:datafield>
    <marc:datafield tag="300" ind1=" " ind2=" ">
      <marc:subfield code="a">178 S.</marc:subfield>
      <marc:subfield code="b">graph. Darst.</marc:subfield>
      <marc:subfield code="c">21 cm</marc:subfield>
    </marc:datafield>
    <marc:datafield tag="336" ind1=" " ind2=" ">
      <marc:subfield code="a">Text</marc:subfield>
      <marc:subfield code="b">txt</marc:subfield>
      <marc:subfield code="2">rdacontent</marc:subfield>
    </marc:datafield>
    <marc:datafield tag="337" ind1=" " ind2=" ">
      <marc:subfield code="a">ohne Hilfsmittel zu benutzen</marc:subfield>
      <marc:subfield code="b">n</marc:subfield>
      <marc:subfield code="2">rdamedia</marc:subfield>
    </marc:datafield>
    <marc:datafield tag="338" ind1=" " ind2=" ">
      <marc:subfield code="a">Band</marc:subfield>
      <marc:subfield code="b">nc</marc:subfield>
      <marc:subfield code="2">rdacarrier</marc:subfield>
    </marc:datafield>
    <marc:datafield tag="490" ind1="1" ind2=" ">
      <marc:subfield code="a">Edition der Hans-Böckler-Stiftung</marc:subfield>
      <marc:subfield code="v">168</marc:subfield>
    </marc:datafield>
    <marc:datafield tag="630" ind1="0" ind2="4">
      <marc:subfield code="a">General Agreement on Trade in Services</marc:subfield>
      <marc:subfield code="x">(1994)</marc:subfield>
    </marc:datafield>
    <marc:datafield tag="650" ind1=" " ind2="7">
      <marc:subfield code="8">1.1\x</marc:subfield>
      <marc:subfield code="a">GATS</marc:subfield>
      <marc:subfield code="0">(DE-627)091361907</marc:subfield>
      <marc:subfield code="0">(DE-2867)19958-1</marc:subfield>
      <marc:subfield code="2">stw</marc:subfield>
    </marc:datafield>
    <marc:datafield tag="650" ind1=" " ind2="7">
      <marc:subfield code="8">1.2\x</marc:subfield>
      <marc:subfield code="a">Wirkungsanalyse</marc:subfield>
      <marc:subfield code="0">(DE-627)09140116X</marc:subfield>
      <marc:subfield code="0">(DE-2867)10991-6</marc:subfield>
      <marc:subfield code="2">stw</marc:subfield>
    </marc:datafield>
    <marc:datafield tag="650" ind1=" " ind2="7">
      <marc:subfield code="8">1.3\x</marc:subfield>
      <marc:subfield code="a">Finanzdienstleistung</marc:subfield>
      <marc:subfield code="0">(DE-627)091359848</marc:subfield>
      <marc:subfield code="0">(DE-2867)18085-4</marc:subfield>
      <marc:subfield code="2">stw</marc:subfield>
    </marc:datafield>
    <marc:datafield tag="650" ind1=" " ind2="7">
      <marc:subfield code="8">1.4\x</marc:subfield>
      <marc:subfield code="a">Umweltwirtschaft</marc:subfield>
      <marc:subfield code="0">(DE-627)091396166</marc:subfield>
      <marc:subfield code="0">(DE-2867)12928-3</marc:subfield>
      <marc:subfield code="2">stw</marc:subfield>
    </marc:datafield>
    <marc:datafield tag="650" ind1=" " ind2="7">
      <marc:subfield code="8">1.5\x</marc:subfield>
      <marc:subfield code="a">Verkehrssektor</marc:subfield>
      <marc:subfield code="0">(DE-627)09139757X</marc:subfield>
      <marc:subfield code="0">(DE-2867)13264-1</marc:subfield>
      <marc:subfield code="2">stw</marc:subfield>
    </marc:datafield>
    <marc:datafield tag="650" ind1=" " ind2="7">
      <marc:subfield code="8">1.6\x</marc:subfield>
      <marc:subfield code="a">Gesundheitswesen</marc:subfield>
      <marc:subfield code="0">(DE-627)091363438</marc:subfield>
      <marc:subfield code="0">(DE-2867)13371-0</marc:subfield>
      <marc:subfield code="2">stw</marc:subfield>
    </marc:datafield>
    <marc:datafield tag="650" ind1=" " ind2="7">
      <marc:subfield code="8">1.7\x</marc:subfield>
      <marc:subfield code="a">Arbeitsmigranten</marc:subfield>
      <marc:subfield code="0">(DE-627)091348838</marc:subfield>
      <marc:subfield code="0">(DE-2867)11268-3</marc:subfield>
      <marc:subfield code="2">stw</marc:subfield>
    </marc:datafield>
    <marc:datafield tag="650" ind1=" " ind2="7">
      <marc:subfield code="8">1.8\x</marc:subfield>
      <marc:subfield code="a">Welt</marc:subfield>
      <marc:subfield code="0">(DE-627)09140004X</marc:subfield>
      <marc:subfield code="0">(DE-2867)16809-5</marc:subfield>
      <marc:subfield code="2">stw</marc:subfield>
    </marc:datafield>
    <marc:datafield tag="650" ind1=" " ind2="7">
      <marc:subfield code="8">1.9\x</marc:subfield>
      <marc:subfield code="a">Deutschland</marc:subfield>
      <marc:subfield code="0">(DE-627)091354749</marc:subfield>
      <marc:subfield code="0">(DE-2867)18012-3</marc:subfield>
      <marc:subfield code="2">stw</marc:subfield>
    </marc:datafield>
    <marc:datafield tag="650" ind1=" " ind2="7">
      <marc:subfield code="8">1.10\x</marc:subfield>
      <marc:subfield code="a">EU-Staaten</marc:subfield>
      <marc:subfield code="0">(DE-627)091358639</marc:subfield>
      <marc:subfield code="0">(DE-2867)17983-5</marc:subfield>
      <marc:subfield code="2">stw</marc:subfield>
    </marc:datafield>
    <marc:datafield tag="650" ind1=" " ind2="4">
      <marc:subfield code="a">International business enterprises</marc:subfield>
    </marc:datafield>
    <marc:datafield tag="650" ind1=" " ind2="4">
      <marc:subfield code="a">Labor mobility</marc:subfield>
    </marc:datafield>
    <marc:datafield tag="650" ind1=" " ind2="4">
      <marc:subfield code="a">Service industries</marc:subfield>
      <marc:subfield code="x">Government policy</marc:subfield>
    </marc:datafield>
    <marc:datafield tag="655" ind1=" " ind2="4">
      <marc:subfield code="a">Buch</marc:subfield>
      <marc:subfield code="5">DE-206</marc:subfield>
    </marc:datafield>
    <marc:datafield tag="655" ind1=" " ind2="4">
      <marc:subfield code="a">Graue Literatur</marc:subfield>
      <marc:subfield code="5">DE-206</marc:subfield>
    </marc:datafield>
    <marc:datafield tag="689" ind1="0" ind2="0">
      <marc:subfield code="D">u</marc:subfield>
      <marc:subfield code="0">(DE-588)4402869-6</marc:subfield>
      <marc:subfield code="0">(DE-627)193682621</marc:subfield>
      <marc:subfield code="0">(DE-576)212077317</marc:subfield>
      <marc:subfield code="a">Allgemeines Übereinkommen über den Dienstleistungsverkehr</marc:subfield>
      <marc:subfield code="f">1994 April 15</marc:subfield>
      <marc:subfield code="2">gnd</marc:subfield>
    </marc:datafield>
    <marc:datafield tag="689" ind1="0" ind2=" ">
      <marc:subfield code="5">DE-101</marc:subfield>
    </marc:datafield>
    <marc:datafield tag="689" ind1="1" ind2="0">
      <marc:subfield code="D">s</marc:subfield>
      <marc:subfield code="0">(DE-588)4002623-1</marc:subfield>
      <marc:subfield code="0">(DE-627)10639259X</marc:subfield>
      <marc:subfield code="0">(DE-576)208848010</marc:subfield>
      <marc:subfield code="a">Arbeitnehmer</marc:subfield>
      <marc:subfield code="2">gnd</marc:subfield>
    </marc:datafield>
    <marc:datafield tag="689" ind1="1" ind2="1">
      <marc:subfield code="D">s</marc:subfield>
      <marc:subfield code="0">(DE-588)4012183-5</marc:subfield>
      <marc:subfield code="0">(DE-627)10428031X</marc:subfield>
      <marc:subfield code="0">(DE-576)208897232</marc:subfield>
      <marc:subfield code="a">Dienstleistungssektor</marc:subfield>
      <marc:subfield code="2">gnd</marc:subfield>
    </marc:datafield>
    <marc:datafield tag="689" ind1="1" ind2="2">
      <marc:subfield code="D">s</marc:subfield>
      <marc:subfield code="0">(DE-588)4120670-8</marc:subfield>
      <marc:subfield code="0">(DE-627)105774847</marc:subfield>
      <marc:subfield code="0">(DE-576)209537035</marc:subfield>
      <marc:subfield code="a">Liberalisierung</marc:subfield>
      <marc:subfield code="2">gnd</marc:subfield>
    </marc:datafield>
    <marc:datafield tag="689" ind1="1" ind2="3">
      <marc:subfield code="D">s</marc:subfield>
      <marc:subfield code="0">(DE-588)4120730-0</marc:subfield>
      <marc:subfield code="0">(DE-627)105774456</marc:subfield>
      <marc:subfield code="0">(DE-576)209537477</marc:subfield>
      <marc:subfield code="a">Migration</marc:subfield>
      <marc:subfield code="2">gnd</marc:subfield>
    </marc:datafield>
    <marc:datafield tag="689" ind1="1" ind2=" ">
      <marc:subfield code="5">DE-101</marc:subfield>
    </marc:datafield>
    <marc:datafield tag="700" ind1="1" ind2=" ">
      <marc:subfield code="a">Fritz, Thomas</marc:subfield>
      <marc:subfield code="d">1976-</marc:subfield>
      <marc:subfield code="0">(DE-588)135568226</marc:subfield>
      <marc:subfield code="0">(DE-627)566777339</marc:subfield>
      <marc:subfield code="0">(DE-576)300520107</marc:subfield>
      <marc:subfield code="4">oth</marc:subfield>
    </marc:datafield>
    <marc:datafield tag="700" ind1="1" ind2=" ">
      <marc:subfield code="a">Mosebach, Kai</marc:subfield>
      <marc:subfield code="4">oth</marc:subfield>
    </marc:datafield>
    <marc:datafield tag="700" ind1="1" ind2=" ">
      <marc:subfield code="a">Raza, Werner G.</marc:subfield>
      <marc:subfield code="d">1967-</marc:subfield>
      <marc:subfield code="0">(DE-588)115823743</marc:subfield>
      <marc:subfield code="0">(DE-627)077496221</marc:subfield>
      <marc:subfield code="0">(DE-576)290098890</marc:subfield>
      <marc:subfield code="4">oth</marc:subfield>
    </marc:datafield>
    <marc:datafield tag="700" ind1="1" ind2=" ">
      <marc:subfield code="a">Scherrer, Christoph</marc:subfield>
      <marc:subfield code="d">1956-</marc:subfield>
      <marc:subfield code="0">(DE-588)120284626</marc:subfield>
      <marc:subfield code="0">(DE-627)080577482</marc:subfield>
      <marc:subfield code="0">(DE-576)164752331</marc:subfield>
      <marc:subfield code="4">oth</marc:subfield>
    </marc:datafield>
    <marc:datafield tag="776" ind1="0" ind2="8">
      <marc:subfield code="i">Online-Ausg.</marc:subfield>
      <marc:subfield code="t">GATS-Dienstleistungsliberalisierung</marc:subfield>
      <marc:subfield code="d">Düsseldorf : Hans-Böckler-Stiftung, 2006</marc:subfield>
      <marc:subfield code="h">Online-Ressource (180 S.)</marc:subfield>
      <marc:subfield code="w">(DE-627)836221494</marc:subfield>
    </marc:datafield>
    <marc:datafield tag="810" ind1="2" ind2=" ">
      <marc:subfield code="a">Hans-Böckler-Stiftung</marc:subfield>
      <marc:subfield code="t">Edition</marc:subfield>
      <marc:subfield code="v">168</marc:subfield>
      <marc:subfield code="9">168</marc:subfield>
      <marc:subfield code="w">(DE-627)320501663</marc:subfield>
      <marc:subfield code="w">(DE-576)081073798</marc:subfield>
      <marc:subfield code="w">(DE-600)2012290-1</marc:subfield>
    </marc:datafield>
    <marc:datafield tag="856" ind1="4" ind2="2">
      <marc:subfield code="u">http://www.gbv.de/dms/hbz/toc/ht014797390.pdf</marc:subfield>
      <marc:subfield code="m">V:DE-605</marc:subfield>
      <marc:subfield code="q">pdf/application</marc:subfield>
      <marc:subfield code="v">2008-11-15</marc:subfield>
      <marc:subfield code="x">Verlag</marc:subfield>
      <marc:subfield code="y">Inhaltsverzeichnis</marc:subfield>
      <marc:subfield code="3">Inhaltsverzeichnis</marc:subfield>
    </marc:datafield>
    <marc:datafield tag="856" ind1="4" ind2="2">
      <marc:subfield code="u">http://deposit.dnb.de/cgi-bin/dokserv?id=2812297&amp;prov=M&amp;dok_var=1&amp;dok_ext=htm</marc:subfield>
      <marc:subfield code="m">X: MVB</marc:subfield>
      <marc:subfield code="q">text/html</marc:subfield>
      <marc:subfield code="v">20130501</marc:subfield>
      <marc:subfield code="x">Verlag</marc:subfield>
      <marc:subfield code="3">Inhaltstext</marc:subfield>
    </marc:datafield>
    <marc:datafield tag="924" ind1=" " ind2=" ">
      <marc:subfield code="a">512690200</marc:subfield>
      <marc:subfield code="b">DE-1</marc:subfield>
      <marc:subfield code="c">KOBV</marc:subfield>
      <marc:subfield code="d">c</marc:subfield>
      <marc:subfield code="c">KOBV</marc:subfield>
    </marc:datafield>
    <marc:datafield tag="936" ind1="r" ind2="v">
      <marc:subfield code="a">QR 560</marc:subfield>
      <marc:subfield code="b">Dienstleistungsgewerbe</marc:subfield>
      <marc:subfield code="k">Gewerbepolitik. Einzelne Wirtschaftszweige</marc:subfield>
      <marc:subfield code="k">Industrie, Bergbau, Handel, Dienstleistungen, Handwerk</marc:subfield>
      <marc:subfield code="k">Dienstleistungsgewerbe</marc:subfield>
      <marc:subfield code="0">(DE-627)1270879286</marc:subfield>
      <marc:subfield code="0">(DE-625)rvk/142061:</marc:subfield>
      <marc:subfield code="0">(DE-576)200879286</marc:subfield>
    </marc:datafield>
    <marc:datafield tag="936" ind1="b" ind2="k">
      <marc:subfield code="a">83.40</marc:subfield>
      <marc:subfield code="j">Außenwirtschaft: Allgemeines</marc:subfield>
      <marc:subfield code="0">(DE-627)106416367</marc:subfield>
    </marc:datafield>
    <marc:datafield tag="951" ind1=" " ind2=" ">
      <marc:subfield code="a">BO</marc:subfield>
    </marc:datafield>
  </marc:record>
</marc:collection>
